Ο δρόμος προς το μέλλον

Αποθηκεύτηκε σε:
Λεπτομέρειες βιβλιογραφικής εγγραφής
Κύριος συγγραφέας: Gates, Bill, 1955-
Άλλοι συγγραφείς: Γαβαλάκη, Τζένη (trlf), Παπαϊωάννου, Τρισεύγενη (trlf)
Μορφή: Βιβλίο
Γλώσσα:Greek
English
Δημοσίευση: Αθήνα : Κλειδάριθμος, 1997.
Θέματα:
Ετικέτες: Προσθήκη ετικέτας
Δεν υπάρχουν, Καταχωρήστε ετικέτα πρώτοι!

MARC

LEADER 00000cam a2200000 i 4500
001 1/87207
008 980327q19961997gr | ||| |||| ||gre||
020 |a 9603320692 
035 |a 1998  |b 1  |c ΚΠΣ/Δημοτικής Εκπαίδευσης  |l 10035179 
040 |a GR-MY-UA  |b gre  |e aacr 
041 1 |a gre  |h eng 
082 7 |a 004.67   |2 (22) 
100 1 |a Gates, Bill,   |d 1955- 
245 1 2 |a Ο δρόμος προς το μέλλον /   |c Bill Gates ; μετάφραση: Τρισεύγενη Παπαϊωάννου, Τζένη Γαβαλάκη.  
260 |a Αθήνα :   |b Κλειδάριθμος,   |c 1997.  
300 |a 396 σ. :   |b πίν. ;   |c 24 εκ.  
500 |a Τίτλος πρωτοτύπου: The road ahead.  
504 |a Περιέχει ευρετήριο.  
650 0 0 |a Information superhighway  |z United States. 
650 0 0 |a Information technology  |z United States. 
650 0 0 |a Computer networks  |z United States. 
650 0 0 |a Telecommunication  |z United States. 
650 0 0 |a Computer industry  |z United States. 
700 0 |a Γαβαλάκη, Τζένη,  |e trlf 
700 1 |a Παπαϊωάννου, Τρισεύγενη,  |e trlf 
852 |a INST  |b RHODES  |e 19980327  |h 004.67 GAT  |p 005400010880  |q 005400010880  |t BK  |y 12 
901 |a BIBL-1998-1 
909 |a Ρ  |b 053185 
970 |z 27/03/1998